[Event "GER OS-358 email"]
[Site "GER email"]
[Date "2018.11.02"]
[Round "?"]
[White "Hagedorn, Peter"]
[Black "Joedden, Klaus"]
[Result "1/2-1/2"]
[WhiteElo "2060"]
[BlackElo "1692"]
[PlyCount "92"]
[EventDate "2018.11.11"]
[EventType "tourn (corr)"]
[EventRounds "6"]
[EventCountry "GER"]
[SourceTitle "Corr 2022"]
[Source "ChessBase"]
[SourceDate "2021.10.24"]
[SourceVersion "1"]
[SourceVersionDate "2021.10.24"]
[SourceQuality "1"]

1. e4 c5 2. Nf3 e6 3. d4 cxd4 4. Nxd4 Nf6 5. Nc3 Nc6 6. Ndb5 Bc5 7. Bf4 0-0 8. Bc7 Qe7 9. Bd6 Bxd6 10. Qxd6 Ne8 11. Qxe7 Nxe7 12. 0-0-0 f5 13. Nd6 Nxd6 14. Rxd6 fxe4 15. Nxe4 Nf5 16. Rd2 d5 17. Ng5 a6 18. Nf3 Ne7 19. Bd3 Nc6 20. Re1 g6 21. Ng5 Rf6 22. c3 h6 23. Nf3 Bd7 24. Bc2 Rc8 25. h4 Rf4 26. Re3 Rcf8 27. a4 Kg7 28. Bd1 b5 29. b4 Rc8 30. Kb2 Rc7 31. g3 Rf8 32. a5 Kf6 33. Bb3 Rfc8 34. Nh2 Kg7 35. Nf3 Kf6 36. Ne1 Ne7 37. g4 g5 38. h5 Kg7 39. f3 Rf8 40. Nd3 Bc8 41. Rde2 Rf6 42. Re1 Nc6 43. Nc5 Kf7 44. Nd3 Kg7 45. Nc5 Kf7 46. Nd3 Kg7 1/2-1/2

[Event "GER OS-357 email"]
[Site "GER email"]
[Date "2018.10.24"]
[Round "?"]
[White "Joedden, Klaus"]
[Black "Stadelmann, Hans Juergen"]
[Result "1/2-1/2"]
[WhiteElo "1698"]
[BlackElo "1726"]
[PlyCount "52"]
[EventDate "2018.11.02"]
[EventType "tourn (corr)"]
[EventRounds "6"]
[EventCountry "GER"]
[SourceTitle "Corr 2022"]
[Source "ChessBase"]
[SourceDate "2021.10.24"]
[SourceVersion "1"]
[SourceVersionDate "2021.10.24"]
[SourceQuality "1"]

1. e4 c5 2. Nf3 d6 3. d4 cxd4 4. Nxd4 Nf6 5. Nc3 Nc6 6. Be2 e5 7. Nb3 Be7 8. 0-0 0-0 9. Be3 a5 10. a3 a4 11. Nd2 Nd4 12. Bd3 Bd7 13. f4 Bc6 14. Bxd4 exd4 15. Na2 Qc8 16. Qe2 Re8 17. Nb4 d5 18. e5 Ng4 19. Rf3 Bc5 20. Rg3 Ne3 21. Nf1 Nc4 22. Bxh7+ Kxh7 23. Qh5+ Kg8 24. Nd3 Bd7 25. Rxg7+ Kxg7 26. Qg5+ Kf8 1/2-1/2

[Event "GER OS-357 email"]
[Site "GER email"]
[Date "2018.10.24"]
[Round "?"]
[White "Krammel, Josef"]
[Black "Joedden, Klaus"]
[Result "1/2-1/2"]
[WhiteElo "1754"]
[BlackElo "1698"]
[PlyCount "81"]
[EventDate "2018.11.02"]
[EventType "tourn (corr)"]
[EventRounds "6"]
[EventCountry "GER"]
[SourceTitle "Corr 2022"]
[Source "ChessBase"]
[SourceDate "2021.10.24"]
[SourceVersion "1"]
[SourceVersionDate "2021.10.24"]
[SourceQuality "1"]

1. d4 Nf6 2. c4 e6 3. Nc3 d5 4. Nf3 Be7 5. Bf4 0-0 6. e3 Nbd7 7. Qc2 c5 8. dxc5 Nxc5 9. Be2 dxc4 10. Bxc4 a6 11. a4 Qa5 12. 0-0 b6 13. Qb1 Ncd7 14. Be2 Bb7 15. Rd1 Rfd8 16. Rd4 Nf8 17. Nd2 Rxd4 18. exd4 Rc8 19. Nc4 Qb4 20. Qf1 Ng6 21. Bd2 Qb3 22. Qd1 Qxd1+ 23. Rxd1 Rb8 24. g3 Nd5 25. Nxd5 Bxd5 26. h4 b5 27. axb5 axb5 28. Ne3 Bb3 29. Ra1 Bf8 30. Ra5 b4 31. Rb5 Rxb5 32. Bxb5 e5 33. dxe5 Nxe5 34. Kg2 Be6 35. Nc2 b3 36. Nd4 Bd5+ 37. Kf1 Bc5 38. Bc3 Ng4 39. Ba4 Nh2+ 40. Ke2 Bc4+ 41. Kd1 1/2-1/2

[Event "Mittelrhein Verbandsliga-W 15/16"]
[Site "Nordrheinwestfalen"]
[Date "2015.10.18"]
[Round "3.7"]
[White "Joedden, Klaus"]
[Black "Koch, Walter1111"]
[Result "1/2-1/2"]
[WhiteElo "1687"]
[BlackElo "1769"]
[PlyCount "32"]
[EventDate "2015.09.06"]
[EventType "team-tourn"]
[EventRounds "11"]
[EventCountry "GER"]
[SourceTitle "EXT 2022"]
[Source "ChessBase"]
[SourceDate "2021.10.06"]
[SourceVersion "1"]
[SourceVersionDate "2021.10.06"]
[SourceQuality "1"]
[WhiteTeam "Erftstadt SV"]
[BlackTeam "Herzogenrath"]
[WhiteTeamCountry "GER"]
[BlackTeamCountry "GER"]

1. d4 d5 2. c4 e6 3. Nc3 Nf6 4. cxd5 exd5 5. Bf4 c6 6. e3 Bf5 7. Bd3 Bxd3 8. Qxd3 Bd6 9. Bg3 0-0 10. Nf3 Re8 11. 0-0 Bxg3 12. hxg3 Nbd7 13. Rfe1 Ne4 14. Rac1 Qf6 15. Qc2 Nd6 16. b4 a6 1/2-1/2